| 000 | 00372 a2200169 4500 | ||
|---|---|---|---|
| 001 | 192257 | ||
| 020 | _a978-85-915876-2-9 | ||
| 040 | _cMagnum | ||
| 100 | _aNeves, Suzette | ||
| 240 | 1 | 0 |
_aNem quadras e nem trovas _lpor |
| 245 | 1 | 0 | _aNem quadras e nem trovas |
| 300 | _a222 | ||
| 362 | 0 | _a2014 | |
| 440 | 1 | _aPoloprinter | |
| 697 | _aLITERATURA GERAL | ||
| 942 | _cBK | ||
| 999 |
_c192257 _d192257 |
||